Rosco de Clubes Argentinos (Nivel alto) - Estadísticas

Estadísticas generales
  • Esta prueba ha sido intentada 52 veces
  • La puntuación promedio es 19 de 23
Estadísticas de respuestas
Imagen Hint Respuesta % Correcto
O Olimpo
100%
Q Quilmes
100%
M Malvinas
95%
N Nueva Chicago
95%
T Temperley
95%
R Racing de Córdoba
91%
D Deportivo Español
89%
S San Telmo
89%
B Brown de Adrogué
86%
C Central Norte
86%
H Huracán Las Heras
84%
Y Yupanqui
84%
E Excursionistas
82%
G Güemes
82%
V Villa Dálmine
80%
I Ituzaingó
77%
F Flandria
75%
K Kimberley
75%
L Laferrere
75%
J Juventud Antoniana
73%
A Altos Hornos Zapla
66%
P Puerto Nuevo
52%
U Unión de Sunchales
43%
No se encontraron pruebas coincidentes
Distribución de puntuación
Porcentaje de gente con cada puntuación
Porcentaje por número respondido
Historial de tus puntuaciones
No has intentado esta prueba.